00546nam a2200205Ia 4500003000400000005001700004008004100021020001500062040000700077041001200084082001800096100001500114245009200129260005100221300001200272365001300284650001300297650001500310700001500325OSt20250722094925.0210423s2010 xx 000 0 und d a8185989664 cAL aEnglish a070.44 bRAMP aRampal M K aProject report writingb: organising and writing project report in an appropriate style aNew DelhibGalgotia Publications Pvt Ltdc2010 a333bPB b295cINR aFeatures aJournalism aGupta, S L